People in Pictures with Francisco Franco - Statistics

General Stats
  • This quiz has been taken 600 times
  • The average score is 9 of 17
Answer Stats
Picture Hint Answer % Correct
Germany Adolf Hitler
100%
Italy Benito Mussolini
99%
France Charles de Gaulle
82%
Spain Salvador Dali
81%
United States Dwight D. Eisenhower
69%
Ethiopia Haile Selassie
64%
Argentina Juan Peron
62%
Germany Heinrich Himmler
57%
Egypt Gamal Abdel Nasser
56%
Iran Mohammad Reza Pahlavi
51%
Vichy France Philippe Petain
47%
Spain Juan Carlos I
46%
Portugal Antonio de Oliveira Salazar
39%
Saudi Arabia King Saud
24%
Japan Michiko | Akihito
10%
Thailand Rama IX
10%
Spain Luis Carrero Blanco
8%
No matching quizzes found
Score Distribution
Percent of People with Each Score
Percentile by Number Answered
Your Score History
You have not taken this quiz